MORONEY'S SURGERY FOR NURSES (Record no. 1897)

MARC details
000 -LEADER
fixed length control field 00341nam a2200145Ia 4500
008 - FIXED-LENGTH DATA ELEMENTS--GENERAL INFORMATION
fixed length control field 150201s2005 xx 000 0 und d
082 ## - DEWEY DECIMAL CLASSIFICATION NUMBER
Classification number 610.7367
Item number S05C
100 ## - MAIN ENTRY--PERSONAL NAME
Personal name COLMER , MALEDM
245 ## - TITLE STATEMENT
Title MORONEY'S SURGERY FOR NURSES
250 ## - EDITION STATEMENT
Edition statement 16TH
260 ## - PUBLICATION, DISTRIBUTION, ETC. (IMPRINT)
Name of publisher, distributor, etc. ELSEVIER
Place of publication, distribution, etc. DELHI
Date of publication, distribution, etc. 2005
300 ## - PHYSICAL DESCRIPTION
Extent 664
650 ## - SUBJECT ADDED ENTRY--TOPICAL TERM
Topical term or geographic name as entry element SURGERY
942 ## - ADDED ENTRY ELEMENTS (KOHA)
Source of classification or shelving scheme Dewey Decimal Classification
Koha item type Books
Holdings
Withdrawn status Lost status Source of classification or shelving scheme Damaged status Not for loan Collection code Home library Current library Shelving location Date acquired Source of acquisition Cost, normal purchase price SGTU Total Checkouts Full call number Barcode Date last seen Bill Date Koha item type Date last checked out
    Dewey Decimal Classification     NURSING SGT Medical Library SGT Medical Library Text Book 09/02/2015 UBS DELHI 550.00 SGTU   610.7367 S05C FN267 09/02/2015 09/02/2015 Books  
    Dewey Decimal Classification     NURSING SGT Medical Library SGT Medical Library Text Book 09/02/2015 UBS DELHI 550.00 SGTU 1 610.7367 S05C FN268 12/01/2017 09/02/2015 Books 04/01/2017
    Dewey Decimal Classification     NURSING SGT Medical Library SGT Medical Library Text Book 09/02/2015 UBS DELHI 550.00 SGTU 1 610.7367 S05C FN269 18/08/2022 09/02/2015 Books 04/01/2017
    Dewey Decimal Classification     NURSING SGT Medical Library SGT Medical Library Text Book 09/02/2015 UBS DELHI 550.00 SGTU 3 610.7367 S05C FN270 17/09/2020 09/02/2015 Books 17/09/2020
    Dewey Decimal Classification     NURSING SGT Medical Library SGT Medical Library Text Book 09/02/2015 UBS DELHI 550.00 SGTU   610.7367 S05C FN271 09/02/2015 09/02/2015 Books  
    Dewey Decimal Classification     NURSING SGT Medical Library SGT Medical Library Text Book 09/02/2015 UBS DELHI 550.00 SGTU 1 610.7367 S05C FN272 24/02/2020 09/02/2015 Books 01/02/2020
    Dewey Decimal Classification     NURSING SGT Medical Library SGT Medical Library Text Book 09/02/2015 UBS DELHI 550.00 SGTU   610.7367 S05C FN273 19/12/2018 09/02/2015 Books  
    Dewey Decimal Classification     NURSING SGT Medical Library SGT Medical Library Text Book 09/02/2015 UBS DELHI 550.00 SGTU   610.7367 S05C FN274 09/02/2015 09/02/2015 Books  
    Dewey Decimal Classification     NURSING SGT Medical Library SGT Medical Library Text Book 09/02/2015 UBS DELHI 550.00 SGTU   610.7367 S05C FN275 09/02/2015 09/02/2015 Books